00922nam a2200253 i 4500003000900000005001700009007000300026008004100029040003000070082001700100100004600117245005100163264005300214300004400267336002700311337003400338338002800372500006000400590002600460910001500486942001400501952013600515999001700651DO-SdBNP20250506112455.0ta250506b200- dr a|||| |||| 00| 0 spa d aDO-SdBNPbspacBNPHUerda 4axxxbxxx222 aOrtiz, Daniel,d1959-eautor4aut.98765910aJarabacoa susurro de la Natura /cDaniel Ortiz aSanto Domiongo :bEditor no identificado,c200?. a87 páginas :bilustraciones ;c21 cm. atextobtxt2rdacontent asin mediación bn2rdamedia avolumenbnc2rdacarrier aIncluye datos biográficos del autor en la página 87 aInventariado, 2025/BT aBtavárez 2ddccLBS1 00102ddc51708PDaBNPHUbBNPHUcCTd2025-05-06eDonado por Isaolyn Miesesl0oBNPHU PD p2025-3982r2025-05-06w2025-05-06yLBS1 c58938d58938